[Event "The 2008 Scotland the Brave Stromash"]
[Site "SchemingMind.com"]
[Date "2008.06.02"]
[Round "-"]
[White "tiggeronvrb"]
[Black "Zerstörer"]
[Result "0-1"]
[WhiteCountry "SCO"]
[BlackCountry "ITA"]
[WhiteElo "1843"]
[WhiteRD "63"]
[BlackElo "1966"]
[BlackRD "89"]
[GameID "157386"]

1. e4 e6 2. c4 c5 3. Nf3 Nc6 4. Nc3 Nf6 5. d3 Be7 6. Be2 h6 7. O-O O-O 8. Kh1 d5 9. cxd5 exd5 10. Bf4 Be6
11. exd5 Nxd5 12. Nxd5 Qxd5 13. b3 Rfd8 14. Qd2 Bf6 15. Rad1 Bf5 16. Ne1 Ne5 17. Bxe5 Bxe5 18. Nc2 Qd6 19. f4 Bf6 20. Ne3 Bd7
21. Nc4 Qc7 22. Bf3 Bc6 23. Bxc6 Qxc6 24. Ne5 Bxe5 25. fxe5 Rd5 26. Qf4 Qg6 27. d4 Rad8 28. h3 Rxd4 29. Rxd4 cxd4 30. Rd1 d3
31. Qe3 b6 32. Kg1 Kf8 33. Kf2 Ke7 34. Qg3 Qxg3+ 35. Kxg3 Ke6 36. Kf4 Rd5 37. Ke4 Rxe5+ 38. Kxd3 Rd5+ 39. Kc2 Rxd1 40. Kxd1 Ke5
41. Ke2 g5 42. Ke3 f5 43. b4 b5 44. a3 a6 45. g3 h5
0-1

[Event "The 2008 Scotland the Brave Stromash"]
[Site "SchemingMind.com"]
[Date "2008.06.02"]
[Round "-"]
[White "manteca"]
[Black "Zerstörer"]
[Result "0-1"]
[WhiteCountry "MEX"]
[BlackCountry "ITA"]
[WhiteElo "1584"]
[WhiteRD "87"]
[BlackElo "1966"]
[BlackRD "89"]
[GameID "157387"]

1. e4 e6 2. d4 d5 3. e5 c5 4. Nf3 Nc6 5. Bb5 Bd7 6. c3 Nxe5 7. Bxd7+ Nxd7 8. Bf4 Qb6 9. Qd2 cxd4 10. cxd4 Ngf6
11. O-O Bb4 12. Qe2 Rc8 13. a3 Be7 14. b4 O-O 15. Qd3 Ne4 16. Nfd2 Nxd2 17. Nxd2 Bf6 18. Rfe1 Bxd4 19. Be3 Bxe3 20. Rxe3 Nf6
21. Rh3 Rc7 22. Nf3 h6 23. Re1 Rfc8 24. Qe2 Rc2 25. Nd2 Ne4 26. Rd3 Nxd2 27. Rxd2 Qd4 28. Rxd4 Rxe2 29. Kf1 Rxe1+ 30. Kxe1 Rc3
31. a4 Rc4 32. Rxc4 dxc4 33. b5 Kf8 34. Kd2 Ke7 35. Kc3 Kd6 36. Kxc4 b6 37. f3 f6 38. g3 e5 39. h3 g6 40. h4 g5
41. h5 f5 42. a5 bxa5 43. Kb3 Kc5 44. Ka4 Kb6
0-1

[Event "The 2008 Scotland the Brave Stromash"]
[Site "SchemingMind.com"]
[Date "2008.06.01"]
[Round "-"]
[White "opageo"]
[Black "Zerstörer"]
[Result "1/2-1/2"]
[WhiteCountry "SCO"]
[BlackCountry "ITA"]
[WhiteElo "2189"]
[WhiteRD "88"]
[BlackElo "1979"]
[BlackRD "91"]
[GameID "157388"]

1. f4 d5 2. d4 Bf5 3. Nf3 Nf6 4. e3 e6 5. Be2 Nbd7 6. O-O c5 7. Nc3 Rc8 8. dxc5 Bxc5 9. Nd4 Bxd4 10. exd4 h6
11. Be3 a6 12. g4 Bh7 13. f5 exf5 14. gxf5 Nb6 15. Qe1 O-O 16. Bf4 Ne4 17. Nxe4 dxe4 18. c3 Nd5 19. Qg3 Nxf4 20. Rxf4 Qd5
21. f6 Qg5 22. fxg7 Qxg3+ 23. hxg3 Kxg7 24. Kf2 Rc6 25. Rh1 Re8 26. Ke3 b5 27. Bg4 Re7 28. Bh5 Rf6 29. Rhf1 Rxf4 30. Rxf4 f5
31. g4 fxg4 32. Bxg4 Rf7 33. Bc8 Rxf4 34. Kxf4 a5 35. Bd7 b4 36. c4 Bg8 37. b3 Kf6 38. Bc6 e3 39. Kxe3 h5 40. Kf4 h4
41. Be4 Be6 42. d5 Bc8 43. c5 h3 44. d6 h2 45. c6 Ke6 46. d7 Bxd7 47. cxd7 Kxd7 48. Kg3 Kd6 49. Kxh2= Ke5 50. Bb1=
1/2-1/2

[Event "The 2008 Scotland the Brave Stromash"]
[Site "SchemingMind.com"]
[Date "2008.06.06"]
[Round "-"]
[White "SLAINTIE MHATH"]
[Black "Zerstörer"]
[Result "0-1"]
[WhiteCountry "POL"]
[BlackCountry "ITA"]
[WhiteElo "1468"]
[WhiteRD "70"]
[BlackElo "1967"]
[BlackRD "92"]
[GameID "157389"]

1. Nf3 Nf6 2. g3 g6 3. b3 Bg7 4. Bb2 O-O 5. Bg2 d6 6. O-O Nbd7 7. d3 c5 8. Ng5 h6 9. Ne4 Nxe4 10. Bxg7 Nxf2
11. Rxf2 Kxg7 12. d4 Nf6 13. c4 Qc7 14. Nc3 Rb8 15. d5 a6
0-1

[Event "The 2008 Scotland the Brave Stromash"]
[Site "SchemingMind.com"]
[Date "2008.06.06"]
[Round "-"]
[White "Swalastova"]
[Black "Zerstörer"]
[Result "0-1"]
[WhiteCountry "SCO"]
[BlackCountry "ITA"]
[WhiteElo "1660"]
[WhiteRD "90"]
[BlackElo "1986"]
[BlackRD "95"]
[GameID "157390"]

1. e4 e6 2. d4 d5 3. Nc3 Bb4 4. e5 c5 5. a3 Bxc3+ 6. bxc3 Qc7 7. Nf3 Nc6 8. Bd3 cxd4 9. cxd4 Bd7 10. O-O Nge7
11. c3 h6 12. Be3 Na5 13. Bd2 Nc4 14. Bxc4 Qxc4 15. Qb1 b6 16. Re1 Nc6 17. Qc2 Na5 18. Be3 Rc8 19. Nd2 Qxc3 20. Qxc3 Rxc3
21. a4 O-O 22. Rec1 Rfc8 23. Rxc3 Rxc3 24. h3 Nc6 25. Nf3 Nb4 26. Bd2 Rc4 27. Bxb4 Rxb4 28. a5 b5 29. g4 Rc4 30. Kf1 b4
31. Rb1 Ba4 32. Rb2 b3 33. Ke1 Rc3 34. Ng1 Rc1+
0-1

[Event "The 2008 Scotland the Brave Stromash"]
[Site "SchemingMind.com"]
[Date "2008.06.01"]
[Round "-"]
[White "JOZIN Z BAZIN"]
[Black "Zerstörer"]
[Result "0-1"]
[WhiteCountry "POL"]
[BlackCountry "ITA"]
[WhiteElo "1463"]
[WhiteRD "61"]
[BlackElo "1966"]
[BlackRD "89"]
[GameID "157391"]

1. Nf3 Nf6 2. g3 g6 3. b3 Bg7 4. Bb2 O-O 5. e3 d6 6. h4 Bg4 7. Bh3 Bxh3 8. Rxh3 c5 9. Bxf6 Bxf6 10. c3 Nc6
11. d4 cxd4 12. exd4 Qa5
0-1